02833cam a22002655a 4500999001700000005001700017008004100034020001800075040004300093082001700136100002300153245008500176250001300261260006100274300002800335500007500363504005100438520183000489650004502319650002602364651001002390653002202400942000802422952013702430 c27280d2725120190327142027.0171030s2018 enk frb 001 0 eng d a9781138659704 aDLCbengcDLCdDLCdEG-ScBUEdEG-ScBUE04a337bMIL2221 aMiller, Raymond C.10aInternational political economy :bcontrasting world views /cRaymond C. Miller. a2nd. ed. aOxon ;aNew York :bRoutledge / Taylor & Francis,c2018. axxiii, 301 p. ;c24 cm. aRevised edition of the author's International political economy, 2008. aIncludes bibliographical references and index. aThe second edition of International Political Economy continues to be the perfect short introduction to the fundamental theories and issues of international political economy (IPE). Written in a concise, accessible style by an experienced teacher and scholar, it combines theoretical perspectives, real-world examples, and comparative policy analysis. The text offers students an in-depth, balanced understanding of the contrasting core perspectives in IPE, allowing them to critically evaluate and independently analyze major political-economic events. Having emerged from both the classical and modern schools of political economy, the book’s unique structure is organized around the threefold world view classification of IPE that the author labels as free-market, institutionalist, and Marxist. The book: Compares, contrasts, and critiques the different approaches in the context of major global issues such as financial crises, free vs. fair trade, ecological degradation, growing inequality, gender, globalization, and multinational corporations; Explains key economic concepts such as financial markets, banking systems, monetary policy, foreign exchange, Keynesian economics, fiscal policy, comparative advantage, value theory, money, role of corporations, and ecological economics as well as their relationship to political concepts such as international regimes and governance; Contains 30 original figures and tables, review questions at the end of each chapter, and a detailed glossary to enhance student learning; Responds to the call from eminent IPE specialists Robert Keohane and Benjamin Cohen for textbooks that take a pluralistic approach. This thoroughly updated second edition is essential reading for students of international political economy, economics, political science and global governance. 7aInternational economic relations.2BUEsh 7aGlobalization.2BUEsh 2BUEsh bBUSBOLcMarch2019 2ddc 00102ddc40708AlahramaMAINbMAINc1STd2019-03-23ePurchaseg795.00h526l0o337 MILp000043280r2025-07-15 00:00:00v993.75yBB